[Event "FRA-ch op-B"]
[Site "Nimes"]
[Date "2009.08.15"]
[Round "5"]
[White "Domenech, Vianney"]
[Black "Marks, Edwin"]
[Result "1-0"]
[WhiteElo "1984"]
[BlackElo "1909"]
[PlyCount "81"]
[EventDate "2009.08.11"]
[EventType "swiss"]
[EventRounds "11"]
[EventCountry "FRA"]
[SourceTitle "EXT 2011"]
[Source "ChessBase"]
[SourceDate "2010.11.26"]
[SourceVersion "1"]
[SourceVersionDate "2010.11.26"]
[SourceQuality "1"]

1. d4 Nf6 2. Bf4 d5 3. e3 e6 4. Nd2 c5 5. c3 Qb6 6. Qb3 Bd7 7. Ngf3 Qxb3 8. axb3 Nc6 9. Bd3 Be7 10. h3 0-0 11. 0-0 a6 12. Ra2 Rac8 13. Rfa1 Na7 14. dxc5 Bxc5 15. b4 Be7 16. Nb3 Rfd8 17. Na5 Bc6 18. Nd4 Rd7 19. Ndxc6 Nxc6 20. Nxc6 Rxc6 21. b5 Rb6 22. bxa6 bxa6 23. Rxa6 Rxa6 24. Rxa6 Nh5 25. Be5 g6 26. Bb5 Rd8 27. g4 Nf6 28. Ra7 Kf8 29. b4 Ne8 30. Ba6 f6 31. Bd4 Rb8 32. f4 Nd6 33. Bc5 Nc8 34. Rc7 Bxc5 35. bxc5 Ne7 36. c6 Rb6 37. Bb7 Nxc6 38. Bxc6 h5 39. e4 hxg4 40. exd5 exd5 41. hxg4 1-0

[Event "FRA-ch op-B"]
[Site "Pau"]
[Date "2008.08.13"]
[Round "2"]
[White "Houlgate, Anthony"]
[Black "Marks, Edwin"]
[Result "0-1"]
[WhiteElo "1972"]
[BlackElo "1888"]
[PlyCount "82"]
[EventDate "2008.08.11"]
[EventType "swiss"]
[EventRounds "11"]
[EventCountry "FRA"]
[SourceTitle "CBM 126 Extra"]
[Source "ChessBase"]
[SourceDate "2008.11.05"]
[SourceVersion "1"]
[SourceVersionDate "2008.11.05"]
[SourceQuality "1"]

1. e4 e6 2. d4 d5 3. Nc3 Nf6 4. Bg5 dxe4 5. Nxe4 Be7 6. Bxf6 Bxf6 7. Nf3 0-0 8. c3 b6 9. Bd3 Bb7 10. 0-0 Nd7 11. Qc2 g6 12. Rad1 Bg7 13. Rfe1 Qe7 14. c4 c5 15. d5 e5 16. d6 Qd8 17. Neg5 h6 18. Be4 Bxe4 19. Nxe4 f5 20. Nc3 e4 21. Nd2 Ne5 22. f3 exf3 23. Nxf3 Nxf3+ 24. gxf3 Bd4+ 25. Kh1 Qxd6 26. Nb5 Qf4 27. Nxd4 cxd4 28. Qb3 Rfe8 29. c5+ Kg7 30. cxb6 axb6 31. Qd5 Rad8 32. Qb7+ Kh8 33. Qc6 Rxe1+ 34. Rxe1 Qd6 35. Qb7 Rd7 36. Qc8+ Kg7 37. Re8 d3 38. Rg8+ Kf6 39. Qe8 Kg5 40. Qe3+ f4 41. Qg1+ Kf5 0-1